| 000 | 00584nam a22001817a 4500 | ||
|---|---|---|---|
| 008 | 160525b xxu||||| |||| 00| 0 eng d | ||
| 020 | _a0781752698 | ||
| 082 |
_22003 _aDC 615.85 _bK14 |
||
| 100 |
_99022 _aKarch, Amy M. |
||
| 245 |
_aFocus on nursing pharmacology/ _cAmy M. Karch. |
||
| 250 | _a2nd Edition | ||
| 260 |
_aPhiladelphia: _bLippincott Williams & Wilkins, _cc2003. |
||
| 300 |
_axiii, 886 pages: _billustrations; _c28 cm. |
||
| 500 | _aIncludes bibliographical references and index. | ||
| 650 | 0 |
_99023 _aPharmacology |
|
| 650 | 0 |
_99024 _aNursing |
|
| 942 |
_2ddc _cDC |
||
| 999 |
_c2726 _d2726 |
||